000 00695nam a22001937a 4500
005 20170303152016.0
010 _aENG-117384
020 _a9788120352971
_c595.00
035 _aEN-100916
037 _bDBAD/PUB
082 _a005.3
100 _aPialorsi, Paolo
245 _aProgramming microsoft office 365:
_cby Paolo Pialorsi
_bcover microsoft graph, office 365 applications, sharePoint Add-ins,office 365 groups,and more /
260 _a Delhi
_bPHI Learning Private Limited
_c2017
270 _a111, Rimjhim House, Patparganj Industrial Estate
_bDelhi
_e110092
300 _axv,392p. :
_c24cm (pbk)
_bill
500 _aIncludes index
942 _2ddc
_cEN
_h005.3
_mPIA
999 _c137943
_d137943